[Event "St Petersburg Autumn op"]
[Site "St Petersburg"]
[Date "2006.11.01"]
[Round "2"]
[White "Biriukov, Oleg V"]
[Black "Bogdanov, Aleksey"]
[Result "1/2-1/2"]
[WhiteElo "2374"]
[BlackElo "2196"]
[PlyCount "43"]
[EventDate "2006.10.31"]
[EventType "swiss"]
[EventRounds "9"]
[EventCountry "RUS"]
[SourceTitle "EXT 2007"]
[Source "ChessBase"]
[SourceDate "2006.11.23"]
[SourceVersion "1"]
[SourceVersionDate "2006.11.23"]
[SourceQuality "1"]

1. d4 Nf6 2. c4 g6 3. Nc3 c5 4. d5 d6 5. e4 Bg7 6. Bd3 0-0 7. h3 e6 8. Nf3 exd5 9. cxd5 Bd7 10. 0-0 b5 11. Bf4 b4 12. Nb1 Nh5 13. Bxd6 Bxb2 14. Bxf8 Qxf8 15. Nbd2 Nf4 16. Bc4 Qh6 17. Re1 Bxh3 18. gxh3 Nxh3+ 19. Kg2 Nf4+ 20. Kg1 Nh3+ 21. Kg2 Nf4+ 22. Kg1 1/2-1/2

[Event "St Petersburg Autumn op"]
[Site "St Petersburg"]
[Date "2006.10.31"]
[Round "1"]
[White "Bogdanov, Aleksey"]
[Black "Tokareva, Tatiana"]
[Result "1-0"]
[WhiteElo "2196"]
[BlackElo "2000"]
[PlyCount "51"]
[EventDate "2006.10.31"]
[EventType "swiss"]
[EventRounds "9"]
[EventCountry "RUS"]
[SourceTitle "EXT 2007"]
[Source "ChessBase"]
[SourceDate "2006.11.23"]
[SourceVersion "1"]
[SourceVersionDate "2006.11.23"]
[SourceQuality "1"]

1. e4 e5 2. Nf3 Nf6 3. Nxe5 d6 4. Nf3 Nxe4 5. d4 d5 6. Bd3 Be7 7. 0-0 Nc6 8. c4 Nf6 9. Nc3 0-0 10. h3 Re8 11. c5 b6 12. Bb5 Bd7 13. Qa4 Nb8 14. cxb6 cxb6 15. Bf4 a5 16. Rac1 Bb4 17. Ne5 Re6 18. Bxd7 Nbxd7 19. Nxd7 Nxd7 20. Nxd5 Re4 21. Bc7 Qe8 22. Bg3 Qd8 23. Rc7 Nc5 24. dxc5 Qxd5 25. cxb6 Be7 26. Qd7 1-0

[Event "St Petersburg-chT "]
[Site "St Petersburg"]
[Date "2003.??.??"]
[Round "6"]
[White "Bogdanov, Aleksey"]
[Black "Eltsov, Valery"]
[Result "1-0"]
[WhiteElo "2161"]
[BlackElo "2231"]
[PlyCount "115"]
[EventDate "2003.??.??"]
[EventType "team-tourn"]
[EventRounds "9"]
[EventCountry "RUS"]
[SourceTitle "EXT 2005"]
[Source "ChessBase"]
[SourceDate "2004.11.15"]
[SourceVersion "1"]
[SourceVersionDate "2004.11.15"]
[SourceQuality "1"]

1. e4 e5 2. Nf3 Nc6 3. Bb5 a6 4. Ba4 b5 5. Bb3 Na5 6. d3 d6 7. 0-0 Nf6 8. c3 Nxb3 9. axb3 g6 10. d4 Qe7 11. Bg5 Bg7 12. b4 0-0 13. Nbd2 h6 14. dxe5 dxe5 15. Be3 Rd8 16. Bc5 Qe6 17. Qc2 Bb7 18. Rfe1 Re8 19. h3 Rad8 20. Ra3 Nh5 21. c4 c6 22. Nb3 Nf4 23. Na5 Bc8 24. Rc3 g5 25. Nh2 Qg6 26. Bb6 Rd6 27. cxb5 axb5 28. Bc7 Rf6 29. Nxc6 Nd3 30. Qxd3 Rxc6 31. Qxb5 Bd7 32. Qd5 Rxc3 33. bxc3 Bc6 34. Qd3 h5 35. b5 Bb7 36. c4 g4 37. hxg4 hxg4 38. c5 Bc8 39. Qd6 Qg5 40. Nf1 Bf8 41. Qc6 Qe7 42. Bd6 Qe6 43. Ne3 Bd7 44. Qb7 Bxd6 45. cxd6 g3 46. fxg3 Qxd6 47. Qd5 Qb4 48. Rf1 Be6 49. Qxe5 Rc8 50. Nf5 Qc5+ 51. Qxc5 Rxc5 52. Rb1 Bxf5 53. exf5 Rc7 54. b6 Rb7 55. Kf2 Kg7 56. Ke3 Kh6 57. Kf4 f6 58. g4 1-0

[Event "St Petersburg op"]
[Site "St Petersburg"]
[Date "2002.??.??"]
[Round "8"]
[White "Bogdanov, Aleksey"]
[Black "Timchenko, Aleksandr"]
[Result "1-0"]
[WhiteElo "2177"]
[BlackElo "2110"]
[PlyCount "63"]
[EventDate "2002.??.??"]
[EventType "swiss"]
[EventRounds "9"]
[EventCountry "RUS"]
[SourceTitle "EXT 2006"]
[Source "ChessBase"]
[SourceDate "2005.11.24"]
[SourceVersion "1"]
[SourceVersionDate "2005.11.24"]
[SourceQuality "1"]

1. e4 c6 2. d4 g6 3. Nc3 Bg7 4. Nf3 d5 5. h3 Nf6 6. e5 Ne4 7. Nxe4 dxe4 8. Ng5 c5 9. e6 fxe6 10. dxc5 Qd5 11. Qe2 0-0 12. Qxe4 h6 13. Bc4 Qf5 14. Qxf5 Rxf5 15. Nf3 Rxc5 16. Bd3 e5 17. Bxg6 Nc6 18. Be3 Nd4 19. 0-0-0 Rd5 20. Be4 Rd6 21. c3 Bf5 22. Bxd4 Bxe4 23. Nxe5 Rc8 24. f4 Bxg2 25. Rhg1 Be4 26. Nf7 Rg6 27. Bxg7 Kxf7 28. Rxg6 Kxg6 29. Rg1+ Kf5 30. Bxh6 Rh8 31. Rg5+ Kf6 32. Bg7+ 1-0

[Event "St Petersburg op"]
[Site "St Petersburg"]
[Date "2002.??.??"]
[Round "7"]
[White "Bogdanov, Aleksey"]
[Black "Yakovlev, Yuri S"]
[Result "1/2-1/2"]
[WhiteElo "2177"]
[BlackElo "2089"]
[PlyCount "64"]
[EventDate "2002.??.??"]
[EventType "swiss"]
[EventRounds "9"]
[EventCountry "RUS"]
[SourceTitle "EXT 2006"]
[Source "ChessBase"]
[SourceDate "2005.11.24"]
[SourceVersion "1"]
[SourceVersionDate "2005.11.24"]
[SourceQuality "1"]

1. e4 d6 2. d4 Nf6 3. Nc3 g6 4. f4 Bg7 5. Nf3 0-0 6. Bd3 Na6 7. 0-0 c5 8. d5 e6 9. dxe6 fxe6 10. e5 dxe5 11. Nxe5 Nd5 12. Ne4 Qc7 13. Ng5 Nab4 14. Be4 Bf6 15. Ng4 Bd4+ 16. Kh1 Bg7 17. c3 Nc6 18. Nxe6 Bxe6 19. Bxd5 Qf7 20. Bxe6 Qxe6 21. Ne3 Rad8 22. Qb3 Qxb3 23. axb3 b6 24. Nc2 Na5 25. Be3 Rd7 26. Bxc5 bxc5 27. Rxa5 Rd2 28. Ne3 Rxb2 29. Rxc5 Rxb3 30. Nd5 a5 31. Rxa5 Bxc3 32. Nxc3 Rxc3 1/2-1/2

[Event "St Petersburg op"]
[Site "St Petersburg"]
[Date "2002.??.??"]
[Round "5"]
[White "Golovchenko, Gleb"]
[Black "Bogdanov, Aleksey"]
[Result "1-0"]
[WhiteElo "2308"]
[BlackElo "2177"]
[PlyCount "75"]
[EventDate "2002.??.??"]
[EventType "swiss"]
[EventRounds "9"]
[EventCountry "RUS"]
[SourceTitle "EXT 2006"]
[Source "ChessBase"]
[SourceDate "2005.11.24"]
[SourceVersion "1"]
[SourceVersionDate "2005.11.24"]
[SourceQuality "1"]

1. d4 Nf6 2. c4 g6 3. Nc3 Bg7 4. e4 d6 5. f3 Nc6 6. Be3 a6 7. Nge2 Rb8 8. Nc1 e5 9. Nb3 exd4 10. Nxd4 Ne5 11. Be2 0-0 12. 0-0 c5 13. Nc2 Be6 14. Nd5 Bxd5 15. cxd5 b5 16. b4 Ned7 17. Rc1 Re8 18. Na1 Re5 19. bxc5 dxc5 20. Bf2 Qe7 21. Nb3 Nxd5 22. Nxc5 Nxc5 23. Bxc5 Qd8 24. Bd4 Nf4 25. Bxe5 Qb6+ 26. Kh1 Bxe5 27. g3 Rd8 28. Rc6 Qa5 29. Rxa6 Qc7 30. Rc6 Qa5 31. Qe1 Qxa2 32. gxf4 Bxf4 33. Rf2 Rd2 34. Rc8+ Kg7 35. Rc1 f6 36. Ra1 Qc2 37. Rb1 Be3 38. Rg2 1-0

[Event "St Petersburg op"]
[Site "St Petersburg"]
[Date "2002.??.??"]
[Round "1"]
[White "Shaposhnikov, Evgeny"]
[Black "Bogdanov, Aleksey"]
[Result "1-0"]
[WhiteElo "2523"]
[BlackElo "2177"]
[PlyCount "101"]
[EventDate "2002.??.??"]
[EventType "swiss"]
[EventRounds "9"]
[EventCountry "RUS"]
[SourceTitle "EXT 2006"]
[Source "ChessBase"]
[SourceDate "2005.11.24"]
[SourceVersion "1"]
[SourceVersionDate "2005.11.24"]
[SourceQuality "1"]

1. e4 c5 2. Nf3 d6 3. Bc4 e6 4. 0-0 Nf6 5. Re1 Nc6 6. Bb3 Be7 7. c3 0-0 8. d4 b6 9. Nbd2 Bb7 10. Nf1 cxd4 11. cxd4 Rc8 12. Ng3 d5 13. e5 Ne4 14. Nxe4 dxe4 15. Rxe4 Na5 16. Rg4 Nxb3 17. axb3 f5 18. exf6 Bxf6 19. Be3 Rc7 20. Ng5 Bd5 21. Qd3 g6 22. h4 Kh8 23. Re1 Qc8 24. Rg3 Bxg5 25. Rxg5 Rcf7 26. f3 Qc6 27. Rc1 Qb7 28. Qc3 Qa6 29. Bf2 Qb5 30. b4 Qe2 31. Re5 Qb5 32. Bg3 a5 33. bxa5 bxa5 34. Rg5 Qb4 35. Be5+ Kg8 36. h5 Qxc3 37. Rxc3 Rf5 38. Rxf5 Rxf5 39. hxg6 hxg6 40. Ra3 Rf7 41. Rxa5 Rb7 42. Ra8+ Kf7 43. Rh8 g5 44. Rh7+ Kg6 45. Rxb7 Bxb7 46. Kf2 Kf5 47. g4+ Kg6 48. Kg3 Bc6 49. b4 Bb5 50. Bc7 Be2 51. Bd8 1-0

[Event "Graz op"]
[Site "Graz"]
[Date "2001.??.??"]
[Round "7"]
[White "Bogdanov, Aleksey"]
[Black "Stuhlik, Marko"]
[Result "0-1"]
[WhiteElo "2186"]
[BlackElo "2246"]
[PlyCount "68"]
[EventDate "2001.09.??"]
[EventType "swiss"]
[EventRounds "9"]
[EventCountry "AUT"]
[SourceTitle "EXT 2002"]
[Source "ChessBase"]
[SourceDate "2001.11.25"]
[SourceVersion "1"]
[SourceVersionDate "2001.11.25"]
[SourceQuality "1"]

1. d4 g6 2. c4 Bg7 3. Nc3 d6 4. e4 Na6 5. Be2 c6 6. Nf3 Nh6 7. h4 Bg4 8. h5 gxh5 9. Be3 c5 10. d5 Qa5 11. Bd2 Ng8 12. Nh4 Nf6 13. f4 Nb4 14. 0-0 Bxe2 15. Qxe2 Ng4 16. Nf5 Bd4+ 17. Kh1 Qd8 18. a3 Na6 19. g3 Rg8 20. Rae1 Qd7 21. b4 b6 22. Nb5 Bf6 23. e5 dxe5 24. fxe5 Bxe5 25. Bc3 f6 26. d6 Rg5 27. Nxe7 Ne3 28. Nf5 Nxf5 29. Bxe5 fxe5 30. Qxe5+ Kf7 31. Qd5+ Kg7 32. Re7+ Qxe7 33. dxe7 Nxg3+ 34. Kg2 Rxd5 0-1

[Event "Bydgoszcz op-B"]
[Site "Bydgoszcz"]
[Date "2001.??.??"]
[Round "5"]
[White "Denderski, Piotr"]
[Black "Bogdanov, Aleksey"]
[Result "1-0"]
[WhiteElo "2063"]
[BlackElo "2172"]
[PlyCount "71"]
[EventDate "2001.04.??"]
[EventType "swiss"]
[EventRounds "9"]
[EventCountry "POL"]
[SourceTitle "EXT 2002"]
[Source "ChessBase"]
[SourceDate "2001.11.25"]
[SourceVersion "1"]
[SourceVersionDate "2001.11.25"]
[SourceQuality "1"]

1. e4 c5 2. Nf3 d6 3. d4 Nf6 4. Nc3 cxd4 5. Nxd4 Nc6 6. Bc4 e6 7. Be3 Be7 8. Bb3 0-0 9. Qe2 a6 10. 0-0-0 Qc7 11. g4 Nd7 12. Rhg1 Nc5 13. g5 Bd7 14. Rg3 Rfc8 15. f4 g6 16. f5 Ne5 17. fxe6 fxe6 18. Nf3 Nxb3+ 19. axb3 Rf8 20. Nxe5 dxe5 21. h4 Bb4 22. Bb6 Qxb6 23. Rxd7 Rad8 24. Rgd3 Rc8 25. Nd1 Rf4 26. h5 Qg1 27. hxg6 hxg6 28. Kb1 Qxg5 29. Rxb7 Bf8 30. Rdd7 Rf6 31. Qxa6 Bh6 32. Qa7 Qh5 33. Rh7 Qxd1+ 34. Ka2 Ra8 35. Qxa8+ Rf8 36. Qa7 1-0

[Event "Graz op"]
[Site "Graz"]
[Date "2001.??.??"]
[Round "1"]
[White "Kupreichik, Viktor D"]
[Black "Bogdanov, Aleksey"]
[Result "1-0"]
[WhiteElo "2443"]
[BlackElo "2186"]
[PlyCount "87"]
[EventDate "2001.09.??"]
[EventType "swiss"]
[EventRounds "9"]
[EventCountry "AUT"]
[SourceTitle "EXT 2002"]
[Source "ChessBase"]
[SourceDate "2001.11.25"]
[SourceVersion "1"]
[SourceVersionDate "2001.11.25"]
[SourceQuality "1"]

1. e4 c5 2. Ne2 Nc6 3. Nbc3 d6 4. d4 cxd4 5. Nxd4 Nf6 6. f4 e6 7. Be3 Be7 8. Qf3 0-0 9. 0-0-0 Qc7 10. g4 a6 11. g5 Nd7 12. Rg1 Re8 13. h4 Nxd4 14. Bxd4 b5 15. a3 Bb7 16. Bh3 Bf8 17. Rd2 Nc5 18. h5 e5 19. fxe5 dxe5 20. Bxc5 Qxc5 21. Rf1 Re7 22. g6 f6 23. gxh7+ Kh8 24. Qg3 Qb6 25. Rdf2 Rf7 26. Qg6 Bc5 27. Qxf7 Rf8 28. Rxf6 Rxf7 29. Rxf7 Kxh7 30. Kb1 Bc6 31. R1f6 Kg8 32. Nd5 gxf6 33. Rxf6 Qb7 34. Be6+ Kh7 35. Rf7+ Qxf7 36. Bxf7 Kg7 37. Be6 Bxd5 38. exd5 a5 39. c3 Kh6 40. b4 axb4 41. axb4 Bf8 42. Bg4 e4 43. Kc2 Kg5 44. Be2 1-0

[Event "Graz op"]
[Site "Graz"]
[Date "2001.??.??"]
[Round "9"]
[White "Winiwarter, Felix"]
[Black "Bogdanov, Aleksey"]
[Result "0-1"]
[WhiteElo "2141"]
[BlackElo "2186"]
[PlyCount "94"]
[EventDate "2001.09.??"]
[EventType "swiss"]
[EventRounds "9"]
[EventCountry "AUT"]
[SourceTitle "EXT 2002"]
[Source "ChessBase"]
[SourceDate "2001.11.25"]
[SourceVersion "1"]
[SourceVersionDate "2001.11.25"]
[SourceQuality "1"]

1. e4 c5 2. Nf3 d6 3. d4 Nf6 4. Nc3 cxd4 5. Nxd4 Nc6 6. Be2 g6 7. Be3 Bg7 8. Nb3 Be6 9. f4 0-0 10. 0-0 Na5 11. Nxa5 Qxa5 12. Bf3 Rfd8 13. Nd5 Bxd5 14. exd5 Rac8 15. c3 b5 16. Qb3 Rb8 17. Rfe1 Nd7 18. a3 Qc7 19. Qc2 a5 20. Qf2 Bf6 21. f5 Ne5 22. Be2 Nc4 23. fxg6 hxg6 24. Bd3 Kg7 25. Bd4 Ne5 26. Rad1 Rh8 27. Re4 Qb7 28. Bc2 Rh5 29. h3 Rbh8 30. Qe2 Kf8 31. a4 b4 32. cxb4 axb4 33. b3 Nd7 34. Bf2 Nc5 35. Rc4 Rxd5 36. Rxd5 Qxd5 37. Rxb4 Kg7 38. Rb5 Rh5 39. b4 Re5 40. Qf1 Qd2 41. bxc5 Re2 42. Bg3 Qxc2 43. cxd6 exd6 44. Bxd6 Rd2 45. Be5 Rd1 46. Bxf6+ Kh7 47. Rb6 Qc5+ 0-1

[Event "Bydgoszcz op-B"]
[Site "Bydgoszcz"]
[Date "2001.??.??"]
[Round "3"]
[White "Zajac, Magdalena"]
[Black "Bogdanov, Aleksey"]
[Result "0-1"]
[WhiteElo "2074"]
[BlackElo "2172"]
[PlyCount "91"]
[EventDate "2001.04.??"]
[EventType "swiss"]
[EventRounds "9"]
[EventCountry "POL"]
[SourceTitle "EXT 2002"]
[Source "ChessBase"]
[SourceDate "2001.11.25"]
[SourceVersion "1"]
[SourceVersionDate "2001.11.25"]
[SourceQuality "1"]

1. e4 c5 2. Nf3 d6 3. d4 Nf6 4. Nc3 cxd4 5. Nxd4 Nc6 6. Bc4 Qb6 7. Nde2 a6 8. 0-0 e6 9. Kh1 Be7 10. f4 0-0 11. Qe1 Qc7 12. a3 b5 13. Bd3 Bb7 14. Qg3 Kh8 15. Qh3 b4 16. axb4 Nxb4 17. Rf3 e5 18. fxe5 dxe5 19. Bg5 Nxd3 20. cxd3 Ne8 21. Qh5 Bxg5 22. Qxg5 f6 23. Raf1 h6 24. Qe3 Nd6 25. Ng3 Qe7 26. Nf5 Nxf5 27. Rxf5 Rad8 28. Rh5 Bc8 29. Nd5 Qf7 30. Rh4 f5 31. g3 Rxd5 32. exd5 Qxd5+ 33. Kg1 Bb7 34. Qe2 f4 35. gxf4 exf4 36. Rh5 Qd4+ 37. Qf2 Qxd3 38. Qb6 Qe4 39. Rxh6+ gxh6 40. Qxh6+ Kg8 41. Qg5+ Kh7 42. Qh5+ Kg7 43. Qh3 Qd4+ 44. Rf2 Rf6 45. Qc3 Qxc3 46. bxc3 0-1

[Event "Klubis Memorial"]
[Site "Odessa"]
[Date "2000.??.??"]
[Round "5"]
[White "Fingerov, Dmitry"]
[Black "Bogdanov, Aleksey"]
[Result "1-0"]
[WhiteElo "2385"]
[BlackElo "2155"]
[PlyCount "75"]
[EventDate "2000.09.17"]
[EventType "tourn"]
[EventRounds "13"]
[EventCountry "UKR"]
[SourceTitle "EXT 2002"]
[Source "ChessBase"]
[SourceDate "2001.11.25"]
[SourceVersion "1"]
[SourceVersionDate "2001.11.25"]
[SourceQuality "1"]

1. e4 c5 2. c3 d5 3. exd5 Qxd5 4. d4 Nf6 5. Nf3 e6 6. Bd3 Nc6 7. 0-0 Be7 8. Be3 cxd4 9. cxd4 0-0 10. Nc3 Qd6 11. a3 b6 12. Qe2 Bb7 13. Rad1 Rac8 14. Bg5 Rfd8 15. Rfe1 Nd5 16. Nxd5 Qxd5 17. Be4 Qd6 18. d5 Na5 19. b4 Bxg5 20. Nxg5 Qe7 21. dxe6 Qxg5 22. exf7+ Kf8 23. Bxb7 Nxb7 24. Rd7 Nc5 25. bxc5 bxc5 26. Rxa7 g6 27. f4 Qf6 28. Qe5 Qxe5 29. fxe5 Ra8 30. Rxa8 Rxa8 31. e6 Ke7 32. Re3 c4 33. Kf2 Rd8 34. Rf3 Rf8 35. Ke3 Kxe6 36. Kd4 Ke7 37. Kc3 h6 38. a4 1-0

[Event "Klubis Memorial"]
[Site "Odessa"]
[Date "2000.??.??"]
[Round "1"]
[White "Tishin, Dmitry"]
[Black "Bogdanov, Aleksey"]
[Result "1-0"]
[WhiteElo "2396"]
[BlackElo "2155"]
[PlyCount "109"]
[EventDate "2000.09.17"]
[EventType "tourn"]
[EventRounds "13"]
[EventCountry "UKR"]
[SourceTitle "EXT 2002"]
[Source "ChessBase"]
[SourceDate "2001.11.25"]
[SourceVersion "1"]
[SourceVersionDate "2001.11.25"]
[SourceQuality "1"]

1. e4 c5 2. Nf3 d6 3. d4 cxd4 4. Nxd4 Nf6 5. Nc3 Nc6 6. g3 g6 7. Bg2 Bg4 8. Nxc6 bxc6 9. Qd3 Qc7 10. Qc4 Rc8 11. Be3 Bg7 12. f4 0-0 13. 0-0 Be6 14. Qa6 Ng4 15. Bd2 Bd4+ 16. Kh1 Nf2+ 17. Rxf2 Bxf2 18. f5 Bd7 19. Bh6 Rfe8 20. Rf1 Qb6 21. Qe2 Bd4 22. Bh3 Rcd8 23. Qf3 Bf6 24. g4 g5 25. Bg2 Qxb2 26. Ne2 Qxc2 27. h4 Qd2 28. e5 dxe5 29. Nc3 Qf4 30. Qh3 Qc4 31. hxg5 Bh8 32. Ne4 c5 33. g6 hxg6 34. Ng5 f6 35. fxg6 Bxg4 36. Qh2 Rd2 37. Rg1 Rxg2 38. Qxg2 fxg5 39. Qxg4 Qxg4 40. Rxg4 Bf6 41. Rc4 Rc8 42. Kg2 e4 43. Kf1 Rc6 44. Ke2 Bd4 45. Bxg5 Rxg6 46. Bxe7 Rg2+ 47. Ke1 e3 48. a4 Be5 49. Bxc5 e2 50. Bf2 Bg3 51. Rg4+ Kf7 52. Bxg3 Ke6 53. Re4+ Kd5 54. Re3 Kd4 55. Bf2 1-0